[Event "IX Festival Magistrale"]
[Site "Porto San Giorgio ITA"]
[Date "1997.08.27"]
[Round "8"]
[White "Ruzzier, Dario"]
[Black "Astengo, Marcello"]
[Result "0-1"]
[WhiteElo "2100"]
[BlackElo "2040"]
[PlyCount "74"]
[EventDate "1997.08.20"]

1.d4 d5 2.c4 e6 3.Nc3 Nf6 4.Bg5 Be7 5.e3 Nbd7 6.Nf3 O-O 7.Rc1 c6 8.Bd3 
dxc4 9.Bxc4 b5 10.Bd3 Bb7 11.O-O a6 12.Ne4 Nxe4 13.Bxe7 Qxe7 14.Bxe4 Rac8 
15.Nd2 e5 16.Qf3 Nf6 17.Rc5 exd4 18.exd4 Qd6 19.Nb3 Rfe8 20.Bf5 Rc7 21.Rd1
Rce7 22.g3 Re1+ 23.Rxe1 Rxe1+ 24.Kg2 g6 25.Qc3 Qe7 26.Re5 Rxe5 27.dxe5 Nd5
28.Qc5 gxf5 29.Qa7 Bc8 30.Qd4 Qb4 31.Qa7 Qg4 32.f3 Qc4 33.Qb8 Qe2+ 34.Kh3 
Nf4+ 35.Kh4 Qxh2+ 36.Kg5 Qxg3+ 37.Kf6 Nd5# 0-1

[Event "IX Festival Magistrale"]
[Site "Porto San Giorgio ITA"]
[Date "1997.08.27"]
[Round "8"]
[White "Ubezio, Marco"]
[Black "Agnello, Giuseppe"]
[Result "1-0"]
[WhiteElo "2185"]
[BlackElo "2175"]
[PlyCount "39"]
[EventDate "1997.08.20"]

1.d4 b6 2.e4 Bb7 3.Bd3 Nf6 4.Qe2 e6 5.Nf3 c5 6.c3 Be7 7.O-O Nc6 8.a3 Na5 
9.Nbd2 c4 10.Bc2 Qc7 11.Re1 O-O 12.Rb1 Rac8 13.e5 Nd5 14.Ne4 f5 15.exf6 
Nxf6 16.Bg5 Nd5 17.Bxe7 Nxe7 18.Ne5 Nd5 19.Ng5 h6 20.Bh7+ 1-0

[Event "IX Festival Magistrale"]
[Site "Porto San Giorgio ITA"]
[Date "1997.08.28"]
[Round "9"]
[White "Dautov, Rustem"]
[Black "Cebalo, Miso"]
[Result "1/2-1/2"]
[WhiteElo "2595"]
[BlackElo "2485"]
[PlyCount "116"]
[EventDate "1997.08.20"]

1.d4 Nf6 2.Nf3 g6 3.c4 Bg7 4.g3 c5 5.d5 d6 6.Nc3 O-O 7.Bg2 e6 8.O-O exd5 
9.cxd5 a6 10.a4 Nbd7 11.Bf4 Qe7 12.h3 Nh5 13.Bg5 f6 14.Bd2 f5 15.Qc1 Ndf6 
16.Bh6 Bd7 17.a5 Rae8 18.Bxg7 Kxg7 19.Ra3 Bc8 20.Re1 Qd8 21.Nd2 Nd7 22.Nc4
Ne5 23.Nxe5 Rxe5 24.f4 Ree8 25.Nb1 Nf6 26.Nd2 Bd7 27.Qc3 Kg8 28.b4 cxb4 
29.Qxb4 Bb5 30.e3 Rf7 31.Rc1 Rc7 32.Rxc7 Qxc7 33.Rc3 Qd8 34.Kh2 h5 35.Nf3 
Ne4 36.Rc1 b6 37.axb6 Qxb6 38.Nd4 Nc5 39.Rc3 Kh7 40.Bf1 Rb8 41.Bxb5 axb5 
42.Ne6 Nxe6 43.dxe6 Re8 44.Qb3 d5 45.Qxd5 Qxe6 46.Rc7+ Kh6 47.g4 hxg4 48.
Qxe6 Rxe6 49.hxg4 fxg4 50.Rb7 Rxe3 51.Rxb5 Rf3 52.Kg2 Rxf4 53.Kg3 Rf5 54.
Rb4 Kh5 55.Rb8 Rf3+ 56.Kg2 Rc3 57.Ra8 Kg5 58.Rb8 Re3 1/2-1/2

[Event "IX Festival Magistrale"]
[Site "Porto San Giorgio ITA"]
[Date "1997.08.28"]
[Round "9"]
[White "Dinser, Hans"]
[Black "Galioto, Giovanni"]
[Result "0-1"]
[WhiteElo "2055"]
[BlackElo "1945"]
[PlyCount "50"]
[EventDate "1997.08.20"]

1.d4 Nf6 2.c4 c5 3.d5 b5 4.cxb5 a6 5.Nc3 axb5 6.Nxb5 Qa5+ 7.Nc3 Bb7 8.Bd2 
Qb6 9.e4 e6 10.Bc4 Nxe4 11.dxe6 fxe6 12.Nxe4 Bxe4 13.f3 Bb7 14.Ne2 Nc6 15.
Nc3 Be7 16.Ne2 O-O 17.Qc2 Ne5 18.b3 Bf6 19.Rb1 d5 20.Bd3 Nxd3+ 21.Qxd3 
Rxa2 22.Nf4 Ba6 23.Qe3 Bd4 24.Nxd5 exd5 25.Qg5 Qe6+ 0-1

[Event "IX Festival Magistrale"]
[Site "Porto San Giorgio ITA"]
[Date "1997.08.28"]
[Round "9"]
[White "Nataf, Igor-Alexandre"]
[Black "Ubezio, Marco"]
[Result "1-0"]
[WhiteElo "2440"]
[BlackElo "2185"]
[PlyCount "37"]
[EventDate "1997.08.20"]

1.e4 g6 2.d4 c6 3.Nc3 d5 4.e5 Bg7 5.f4 h5 6.Nf3 Bg4 7.h3 Bxf3 8.Qxf3 e6 9.
Bd3 Nh6 10.Be3 Nf5 11.Bf2 Qb6 12.Bxf5 gxf5 13.g4 hxg4 14.hxg4 Rxh1+ 15.
Qxh1 fxg4 16.O-O-O Nd7 17.Qh7 Bf8 18.f5 Qd8 19.Bh4 1-0

[Event "IX Festival Magistrale"]
[Site "Porto San Giorgio ITA"]
[Date "1997.08.28"]
[Round "9"]
[White "Schweiger, Georg"]
[Black "Passoni, Carlo"]
[Result "0-1"]
[WhiteElo "2230"]
[BlackElo "2200"]
[PlyCount "75"]
[EventDate "1997.08.20"]

1.e4 c5 2.d3 Nc6 3.f4 g6 4.Nf3 Bg7 5.g3 d6 6.Bg2 e6 7.O-O Nge7 8.c3 O-O 9.
a4 Rb8 10.Qc2 a6 11.Be3 b6 12.Nbd2 Bb7 13.g4 f5 14.Ng5 Qd7 15.gxf5 gxf5 
16.Qb3 Rf6 17.exf5 Nxf5 18.Rae1 h6 19.Nge4 Rg6 20.Bf2 Nce7 21.Kh1 d5 22.
Ng3 Nh4 23.Bh3 d4+ 24.Nge4 dxc3 25.Bxh4 cxd2 26.Re2 Bd5 27.Qd1 Nf5 28.Bf2 
c4 29.Qxd2 cxd3 30.Qxd3 Qc6 31.Bg2 Qxa4 32.Rg1 Qc6 33.Bf3 Rxg1+ 34.Bxg1 
Nh4 35.Bg4 Rf8 36.Bf2 Rxf4 37.Bxe6+ Qxe6 38.Kg1 0-1

[Event "IX Festival 1N"]
[Site "Porto San Giorgio ITA"]
[Date "1997.08.20"]
[Round "1"]
[White "Cartella, Giovanni"]
[Black "Mogranzini, Roberto"]
[Result "1/2-1/2"]
[WhiteElo "1722"]
[BlackElo "1834"]
[PlyCount "38"]
[EventDate "1997.08.20"]

1. d4 Nf6 2. Nf3 g6 3. Bg5 Bg7 4. e3 O-O 5. Bd3 d6 6. c3 c6 7. h4 Bg4 8. Qc2 h5
9. Bxf6 Bxf6 10. Nh2 Qd7 11. Nxg4 Qxg4 12. g3 e5 13. dxe5 dxe5 14. Nd2 Nd7 15.
Be2 Qe6 16. Bc4 Qg4 17. Be2 Qe6 18. Bc4 Qg4 19. Be2 Qe6 1/2-1/2

[Event "IX Festival 1N"]
[Site "Porto San Giorgio ITA"]
[Date "1997.08.21"]
[Round "2"]
[White "Mogranzini, Roberto"]
[Black "Pernigotti, Carlo"]
[Result "1-0"]
[WhiteElo "1834"]
[BlackElo "1777"]
[PlyCount "67"]
[EventDate "1997.08.20"]

1. e4 c5 2. Nf3 d6 3. d4 cxd4 4. Nxd4 Nf6 5. Nc3 Nc6 6. Be2 e5 7. Nb3 Be7 8.
O-O O-O 9. f4 a5 10. Be3 a4 11. Nd2 a3 12. b3 d5 13. exd5 Nxd5 14. Nxd5 Qxd5
15. Bf3 Qe6 16. f5 Qd6 17. Be4 Bf6 18. g4 Qe7 19. c3 Bg5 20. Qf3 Bxe3+ 21. Qxe3
f6 22. Bd5+ Kh8 23. Ne4 Rd8 24. Rad1 Ra5 25. Bc4 Bd7 26. b4 Raa8 27. g5 Be8 28.
g6 Rxd1 29. Rxd1 Rd8 30. Rf1 Nxb4 31. cxb4 Qxb4 32. Qb3 Qe7 33. Rf3 Rd4 34.
Qxa3 1-0

[Event "IX Festival 1N"]
[Site "Porto San Giorgio ITA"]
[Date "1997.08.21"]
[Round "2"]
[White "Renzi, Roberto"]
[Black "Riccio, Eros"]
[Result "1-0"]
[WhiteElo "1811"]
[BlackElo "1735"]
[PlyCount "55"]
[EventDate "1997.08.20"]

1. d4 Nf6 2. Nf3 e6 3. c4 d5 4. e3 c5 5. Nc3 cxd4 6. exd4 Nc6 7. Bg5 Be7 8. a3
dxc4 9. Bxc4 O-O 10. O-O b6 11. Re1 Bb7 12. Qd3 Na5 13. Ba2 Bxf3 14. gxf3 h6
15. Be3 Re8 16. Rad1 Bf8 17. Kh1 g6 18. Rg1 Nb7 19. d5 e5 20. d6 e4 21. fxe4
Nxd6 22. e5 Rxe5 23. Qxg6+ Kh8 24. Bxf7 Qe7 25. Rxd6 Qxd6 26. Bxh6 Qc6+ 27. Nd5
Rg5 28. Qxg5 1-0

[Event "IX Festival 1N"]
[Site "Porto San Giorgio ITA"]
[Date "1997.08.22"]
[Round "3"]
[White "Giobbi, Costantino"]
[Black "Mogranzini, Roberto"]
[Result "0-1"]
[WhiteElo "1728"]
[BlackElo "1834"]
[PlyCount "72"]
[EventDate "1997.08.20"]

1. d4 Nf6 2. Bg5 Ne4 3. Bf4 d5 4. f3 Nf6 5. Bg5 c6 6. c3 Nbd7 7. Nd2 Qc7 8. e3
e5 9. Bd3 Bd6 10. Ne2 O-O 11. Qc2 Re8 12. O-O-O b5 13. g4 h6 14. Bh4 a5 15. g5
hxg5 16. Bxg5 b4 17. Rhg1 bxc3 18. Nxc3 Kf8 19. Rg2 Ba6 20. Bf5 Rab8 21. Rdg1
Ke7 22. Nb3 a4 23. Nxa4 Rb4 24. Nc3 Bc4 25. Bh4 Bxb3 26. axb3 g5 27. Bxg5 Ra8
28. Bxd7 Qxd7 29. Bxf6+ Kxf6 30. Qh7 Qf5 31. Qxf5+ Kxf5 32. e4+ Ke6 33. exd5+
cxd5 34. dxe5 Bxe5 35. Kd2 Rxb3 36. Re1 Rxb2+ 0-1

[Event "IX Festival 1N"]
[Site "Porto San Giorgio ITA"]
[Date "1997.08.23"]
[Round "4"]
[White "Sabia, Corrado"]
[Black "Mogranzini, Roberto"]
[Result "0-1"]
[WhiteElo "1813"]
[BlackElo "1834"]
[PlyCount "86"]
[EventDate "1997.08.20"]

1. e4 c5 2. Nf3 d6 3. d4 cxd4 4. Nxd4 Nf6 5. Nc3 a6 6. f4 e6 7. Qf3 Be7 8. g4
Qc7 9. g5 Nfd7 10. Bd3 Nc6 11. Nb3 b5 12. O-O Bb7 13. Be3 O-O-O 14. Qf2 h6 15.
a4 b4 16. Nb5 Qb8 17. c3 Nc5 18. Nxd6+ Bxd6 19. Bxc5 hxg5 20. Bxd6 Qxd6 21. Nc5
Rh4 22. Nxb7 Kxb7 23. Rad1 Qc7 24. Qe2 Qb6+ 25. Kg2 gxf4 26. e5 Rdh8 27. Bxa6+
Kc7 28. Rh1 Rh3 29. Rd3 f3+ 30. Rxf3 Rxf3 31. Kxf3 Nd4+ 32. cxd4 Qc6+ 33. d5
Qxd5+ 34. Kf2 Qxh1 35. Qc4+ Qc6 36. Kg3 Qxc4 37. Bxc4 Rh5 38. Kg2 Rxe5 39. b3
Re3 40. Bb5 Rxb3 41. Be8 f6 42. a5 Ra3 43. Kf2 b3 0-1

[Event "IX Festival 1N"]
[Site "Porto San Giorgio ITA"]
[Date "1997.08.24"]
[Round "5"]
[White "Bontempi, Piero"]
[Black "Calabro', Marco"]
[Result "1-0"]
[WhiteElo "1705"]
[BlackElo "1759"]
[PlyCount "73"]
[EventDate "1997.08.20"]

1. e4 e5 2. Nf3 Nc6 3. d4 exd4 4. Nxd4 Qh4 5. Nc3 Bb4 6. Be2 Qxe4 7. Ndb5 Bxc3+
8. bxc3 Kd8 9. O-O a6 10. Nd4 Nxd4 11. cxd4 Nf6 12. Bf3 Qg6 13. Ba3 d6 14. Qd2
h5 15. Rfe1 Rb8 16. Rab1 b6 17. c4 Bg4 18. Bc6 Bd7 19. Bxd7 Kxd7 20. c5 bxc5
21. Rbc1 cxd4 22. Qa5 Rhc8 23. Qa4+ Rb5 24. Qxa6 Qf5 25. Bxd6 Rb6 26. Rxc7+
Rxc7 27. Qxb6 Rc6 28. Qb8 Ne4 29. Bg3 Nxg3 30. hxg3 d3 31. Qa7+ Kd6 32. Qe7+
Kd5 33. Qd8+ Kc4 34. Rc1+ Kb5 35. Qb8+ Rb6 36. Rb1+ Ka4 37. Qxb6 1-0

[Event "IX Festival 1N"]
[Site "Porto San Giorgio ITA"]
[Date "1997.08.24"]
[Round "5"]
[White "Mogranzini, Roberto"]
[Black "Muha, Zdravko"]
[Result "1-0"]
[WhiteElo "1834"]
[BlackElo "1872"]
[PlyCount "123"]
[EventDate "1997.08.20"]

1. e4 c6 2. c4 d5 3. exd5 cxd5 4. cxd5 Nf6 5. Qa4+ Nbd7 6. Nc3 g6 7. g3 Bg7 8.
Bg2 O-O 9. Nge2 Ne5 10. O-O Nd3 11. Nf4 Nxc1 12. Raxc1 Qb6 13. Qa3 Re8 14. Qb3
Qxb3 15. axb3 g5 16. Nd3 Rd8 17. Nc5 Rb8 18. Rfe1 Bf8 19. d4 h6 20. N3e4 Ne8
21. b4 a6 22. Nc3 b6 23. Nd3 f6 24. Ra1 Nd6 25. b5 a5 26. b4 Bf5 27. Bf1 Bxd3
28. Bxd3 axb4 29. Na2 b3 30. Nb4 Rd7 31. Nc6 Re8 32. Rab1 f5 33. f3 Ra8 34.
Rxb3 Ra2 35. Re2 Ra1+ 36. Kg2 Rc7 37. Rbb2 Rd1 38. Red2 Rxd2+ 39. Rxd2 Kf7 40.
Ra2 Kf6 41. Ra8 Nc8 42. g4 fxg4 43. fxg4 Bg7 44. Rb8 e6 45. dxe6 Bf8 46. Bf5
Be7 47. Kf3 h5 48. h3 Nd6 49. Rxb6 Nxf5 50. gxf5 Kxf5 51. Nxe7+ Rxe7 52. d5 g4+
53. hxg4+ hxg4+ 54. Kg2 Rc7 55. Rc6 Ra7 56. Rc2 Kf6 57. b6 Ra4 58. Re2 Ke7 59.
d6+ Ke8 60. e7 Ra8 61. b7 Rb8 62. d7+ 1-0

[Event "IX Festival 1N"]
[Site "Porto San Giorgio ITA"]
[Date "1997.08.24"]
[Round "5"]
[White "Puzzoni, Christian"]
[Black "Loche, Roberto"]
[Result "1-0"]
[WhiteElo "1744"]
[BlackElo "1825"]
[PlyCount "31"]
[EventDate "1997.08.20"]

1. e4 e5 2. d4 exd4 3. f4 Bc5 4. Nf3 Nc6 5. c3 dxc3 6. Nxc3 Nf6 7. Bc4 O-O 8.
e5 Ng4 9. Ng5 d5 10. Qxd5 Qe7 11. Qe4 g6 12. Nd5 Qe8 13. h3 Bf5 14. hxg4 Bb4+
15. Kf1 Qd8 16. gxf5 1-0

[Event "IX Festival 1N"]
[Site "Porto San Giorgio ITA"]
[Date "1997.08.25"]
[Round "6"]
[White "Mogranzini, Roberto"]
[Black "Renzi, Roberto"]
[Result "1-0"]
[WhiteElo "1834"]
[BlackElo "1811"]
[PlyCount "111"]
[EventDate "1997.08.20"]

1. e4 c5 2. Nf3 e6 3. d3 Nc6 4. g3 d6 5. Bg2 g6 6. O-O Bg7 7. c3 Nge7 8. Be3
O-O 9. Qc1 Re8 10. Bh6 Bh8 11. Re1 Rb8 12. a4 a6 13. Nbd2 b5 14. axb5 axb5 15.
Nf1 b4 16. Ne3 bxc3 17. bxc3 Rb3 18. Ra3 Rxa3 19. Qxa3 Qc7 20. Ng4 Qa5 21. Qxa5
Nxa5 22. c4 Bg7 23. Bg5 e5 24. Nf6+ Bxf6 25. Bxf6 Nec6 26. Ra1 h6 27. Nd2 g5
28. h4 g4 29. h5 Nb7 30. Nb1 Nb4 31. Bf1 Bd7 32. Nc3 Kf8 33. Be2 Rb8 34. Rb1
Ra8 35. Nd5 Nxd5 36. cxd5 Ra7 37. Rb6 Ke8 38. Bg7 Ke7 39. Bxh6 f6 40. Bg7 Kf7
41. h6 f5 42. exf5 Bxf5 43. Rc6 c4 44. Rc7+ Kg8 45. Rxc4 Ra1+ 46. Kg2 Nc5 47.
Bxg4 Bxd3 48. Rb4 Bf1+ 49. Kh2 Bd3 50. Bh5 Ra8 51. Bg4 Bg6 52. Rb6 Ne4 53. Rb7
Bf7 54. Bf5 Nc5 55. Rc7 Na6 56. Bf6 1-0

[Event "IX Festival 1N"]
[Site "Porto San Giorgio ITA"]
[Date "1997.08.26"]
[Round "7"]
[White "Bondielli, Giorgio"]
[Black "Pascali, Frederic"]
[Result "1-0"]
[WhiteElo "1720"]
[BlackElo "1713"]
[PlyCount "49"]
[EventDate "1997.08.20"]

1. e4 e6 2. d4 d5 3. e5 c5 4. c3 Nc6 5. Nf3 Bd7 6. Bd3 cxd4 7. cxd4 Bb4+ 8. Nc3
Qc7 9. O-O Bxc3 10. bxc3 Na5 11. Qd2 h6 12. Ba3 Ne7 13. Bd6 Qd8 14. Rab1 Nc8
15. Ba3 Nb6 16. Qf4 Nac4 17. Bc5 Bc6 18. Qg4 g5 19. Bc2 Nd7 20. Bd6 Nf8 21. Bb4
a5 22. Bc5 b6 23. Bd6 b5 24. Bc5 Nd7 25. Qxe6+ 1-0

[Event "IX Festival 1N"]
[Site "Porto San Giorgio ITA"]
[Date "1997.08.26"]
[Round "7"]
[White "Gallitto, Salvatore"]
[Black "Forno, Roberto"]
[Result "1-0"]
[WhiteElo "1806"]
[BlackElo "1729"]
[PlyCount "55"]
[EventDate "1997.08.20"]

1. d4 Nf6 2. e3 e6 3. Bd3 b6 4. f4 Bb7 5. Nf3 c5 6. c3 Be7 7. O-O d6 8. Nbd2
O-O 9. Kh1 Nc6 10. e4 cxd4 11. cxd4 Rc8 12. a3 Qd7 13. b4 Rc7 14. Bb2 Rfc8 15.
Qe2 Bd8 16. Bb5 Qe7 17. Rac1 Nb8 18. Bd3 Rxc1 19. Bxc1 a6 20. Bb2 b5 21. Ne1
Nbd7 22. Nc2 Nb6 23. f5 Na4 24. Ba1 Bb6 25. e5 Ne8 26. f6 gxf6 27. Qg4+ Kh8 28.
Qh4 1-0

[Event "IX Festival 1N"]
[Site "Porto San Giorgio ITA"]
[Date "1997.08.26"]
[Round "7"]
[White "Mogranzini, Roberto"]
[Black "Bontempi, Piero"]
[Result "0-1"]
[WhiteElo "1834"]
[BlackElo "1705"]
[PlyCount "82"]
[EventDate "1997.08.20"]

1. e4 c5 2. Nf3 d6 3. d4 cxd4 4. Nxd4 Nf6 5. Nc3 g6 6. Be3 Bg7 7. f3 Nc6 8. Qd2
O-O 9. Bc4 Nxd4 10. Bxd4 Be6 11. Bb3 Qa5 12. O-O-O Bxb3 13. cxb3 Rfc8 14. Kb1
Rc6 15. g4 b5 16. Nd5 Qxd2 17. Nxf6+ Bxf6 18. Rxd2 Bxd4 19. Rxd4 Rac8 20. Rd2
Kg7 21. g5 h6 22. h4 Rc5 23. f4 Rh8 24. Rhh2 hxg5 25. hxg5 Rxh2 26. Rxh2 e5 27.
fxe5 Rxe5 28. Rd2 Rxe4 29. Rxd6 Re5 30. Ra6 Rxg5 31. Rxa7 Rd5 32. Re7 g5 33. a4
g4 34. a5 g3 35. Re2 f5 36. Kc2 f4 37. Rg2 b4 38. a6 Kf6 39. a7 Ra5 40. Kd3 Kf5
41. Ke2 Kg4 0-1

[Event "IX Festival 1N"]
[Site "Porto San Giorgio ITA"]
[Date "1997.08.27"]
[Round "8"]
[White "Forno, Roberto"]
[Black "Puzzoni, Christian"]
[Result "0-1"]
[WhiteElo "1729"]
[BlackElo "1744"]
[PlyCount "60"]
[EventDate "1997.08.20"]

1. e4 e5 2. Nf3 f5 3. Nxe5 Nc6 4. Qh5+ g6 5. Nxc6 dxc6 6. Qf3 Qe7 7. Nc3 Nf6 8.
d3 Bg7 9. Bg5 O-O 10. Be2 Qb4 11. O-O Qxb2 12. d4 Nxe4 13. Nxe4 fxe4 14. Qxe4
Bf5 15. Qh4 Qxd4 16. Qg3 Rae8 17. Rae1 Bxc2 18. Qxc7 Be5 19. Qxb7 Be4 20. Be3
Qd6 21. f3 Bxh2+ 22. Kh1 Bd5 23. Qxa7 Bg3 24. Bf2 Rf5 25. Kg1 Bh2+ 26. Kh1 Rh5
27. f4 Rxe2 28. Rxe2 Bxf4+ 29. Kg1 Bh2+ 30. Kh1 Bg1+ 0-1

[Event "IX Festival 1N"]
[Site "Porto San Giorgio ITA"]
[Date "1997.08.27"]
[Round "8"]
[White "Moroder, Stefan"]
[Black "Mogranzini, Roberto"]
[Result "1-0"]
[WhiteElo "1726"]
[BlackElo "1834"]
[PlyCount "91"]
[EventDate "1997.08.20"]

1. e4 c5 2. Nf3 d6 3. d4 cxd4 4. Nxd4 Nf6 5. f3 a6 6. c4 Nc6 7. Be3 e6 8. Nc3
Be7 9. Be2 O-O 10. O-O Bd7 11. Rc1 Rc8 12. Qd2 Ne5 13. b3 Qc7 14. Rfd1 Rfd8 15.
Kh1 Be8 16. a4 Bc6 17. Nd5 Bxd5 18. cxd5 Qd7 19. dxe6 fxe6 20. Bg1 Rxc1 21.
Rxc1 d5 22. exd5 Nxd5 23. Bf1 Bd6 24. Rd1 Bb8 25. Qg5 Nf7 26. Qh4 Nf6 27. Rd3
Nd5 28. Nc2 Qc7 29. Ne3 Qc1 30. Rd1 Qb2 31. Bc4 Qe5 32. Nxd5 exd5 33. Bd4 Qc7
34. Bd3 g6 35. g3 Rd6 36. Re1 Qd8 37. Qe7 Qxe7 38. Rxe7 Rd8 39. Rxb7 Be5 40.
Bb6 Rd6 41. Bxa6 Bc3 42. f4 Rc6 43. Kg2 Nd6 44. Rb8+ Kg7 45. Bd3 d4 46. a5 1-0

[Event "XXIV C.to Italiano femminile"]
[Site "Porto San Giorgio ITA"]
[Date "1997.08.21"]
[Round "2"]
[White "Capuano, Francesca"]
[Black "Agosto, Erika"]
[Result "0-1"]
[WhiteElo "1564"]
[BlackElo "2040"]
[PlyCount "40"]
[EventDate "1997.08.20"]

1. d4 d5 2. Nf3 Nf6 3. c4 c6 4. cxd5 cxd5 5. Nc3 Nc6 6. Bf4 Bf5 7. e3 e6 8. h3
Bb4 9. Bd3 Ne4 10. Qc2 O-O 11. O-O Rc8 12. Rfc1 Bxc3 13. bxc3 Nb4 14. Qb1 Nxd3
15. Qxd3 Nxf2 16. Qb5 Nd3 17. Rd1 Nxf4 18. exf4 Qc7 19. Ne5 f6 20. Nd3 Qxc3 0-1

[Event "XXIV C.to Italiano femminile"]
[Site "Porto San Giorgio ITA"]
[Date "1997.08.21"]
[Round "2"]
[White "Goi, Veronika"]
[Black "Barbiso, Tiziana"]
[Result "1-0"]
[WhiteElo "1624"]
[BlackElo "1717"]
[PlyCount "37"]
[EventDate "1997.08.20"]

1. d4 d6 2. c4 e5 3. dxe5 dxe5 4. Bd2 Bc5 5. Nc3 Nf6 6. e3 Nc6 7. a3 a5 8. Qc2
Qe7 9. Bd3 h6 10. Nge2 Be6 11. Ng3 g6 12. Rc1 O-O 13. Nd5 Qd8 14. h4 Kg7 15. h5
g5 16. Bf5 Ne7 17. Nxf6 Kxf6 18. Ne4+ Kxf5 19. g4+ 1-0

[Event "XXIV C.to Italiano femminile"]
[Site "Porto San Giorgio ITA"]
[Date "1997.08.22"]
[Round "3"]
[White "Arnetta, Maria Teresa"]
[Black "Damasco, Rosa"]
[WhiteElo "1753"]
[BlackElo "1626"]
[Result "0-1"]
[PlyCount "68"]
[EventDate "1997.08.20"]

1. e4 e5 2. Nf3 Nf6 3. Nxe5 d6 4. Nf3 Nxe4 5. d4 d5 6. Bd3 Be7 7. O-O Nc6 8. c3
Bg4 9. Re1 f5 10. Nbd2 O-O 11. Qc2 Bd6 12. h3 Bh5 13. Qb3 Kh8 14. Qxb7 Nxd2 15.
Nxd2 Qf6 16. Qb3 Ne7 17. Qc2 Rae8 18. Nf1 f4 19. b3 c6 20. a4 Qh4 21. Ba3 Bxa3
22. Rxa3 f3 23. Nh2 fxg2 24. Kxg2 Ng6 25. Rxe8 Nf4+ 26. Kg1 Qg5+ 27. Ng4 Rxe8
28. f3 Nxh3+ 29. Kh2 Qh4 30. Ra1 Ng5+ 31. Kg1 Nxf3+ 32. Kf1 Bxg4 33. Bf5 Re1+
34. Rxe1 Qxe1+ 0-1

[Event "II Festival A"]
[Site "Nereto ITA"]
[Date "1997.08.??"]
[Round "?"]
[White "Spada, Angelo"]
[Black "Badea, Bela"]
[Result "0-1"]
[WhiteElo "2120"]
[BlackElo "2525"]
[PlyCount "50"]
[EventDate "1997.08.11"]

1. d4 g6 2. e4 Bg7 3. c4 d6 4. Nc3 e5 5. d5 f5 6. Bd3 Nf6 7. Nge2 O-O 8. Bg5 h6
9. Bxf6 Qxf6 10. Qd2 Nd7 11. O-O-O Nc5 12. Rdf1 a6 13. h4 h5 14. f3 b5 15. exf5
gxf5 16. Kb1 b4 17. Nd1 a5 18. g4 Qh6 19. Qxh6 Bxh6 20. Bxf5 Rxf5 21. gxf5
Bxf5+ 22. Ka1 Nb3+ 23. axb3 a4 24. Ka2 Bc2 25. Rhg1+ Kh7 0-1

[Event "III Open A"]
[Site "Gioiosa Marea ITA"]
[Date "1997.08.??"]
[Round "?"]
[White "De Santis, Alessio"]
[Black "Naumkin, Igor"]
[Result "1/2-1/2"]
[WhiteElo "2185"]
[BlackElo "2410"]
[PlyCount "42"]
[EventDate "1997.08.02"]

1. d4 e6 2. Nf3 Nf6 3. e3 b6 4. Bd3 Bb7 5. Nbd2 d5 6. O-O Nbd7 7. b3 Bd6 8. Bb2
O-O 9. c4 Ne4 10. Rc1 f5 11. a3 c5 12. cxd5 exd5 13. dxc5 bxc5 14. b4 cxb4 15.
axb4 Bxb4 16. Nb3 Bd6 17. Nbd4 Ndc5 18. Nb5 Be7 19. Ne5 a6 20. Nd4 Bd6 21. Bxe4
fxe4 1/2-1/2

[Event "III Open A"]
[Site "Gioiosa Marea ITA"]
[Date "1997.08.??"]
[Round "?"]
[White "Gangemi, Salvatore"]
[Black "Naumkin, Igor"]
[Result "1/2-1/2"]
[WhiteElo "1870"]
[BlackElo "2410"]
[PlyCount "63"]
[EventDate "1997.08.02"]

1. c4 e5 2. Nc3 Nf6 3. g3 Bb4 4. Bg2 O-O 5. Qb3 Nc6 6. e3 Bxc3 7. Qxc3 d5 8. d3
dxc4 9. dxc4 e4 10. Ne2 Re8 11. O-O Ne5 12. b3 Bg4 13. Qc2 Nf3+ 14. Kh1 Re5 15.
Nf4 g5 16. Bb2 gxf4 17. Bxe5 Nxe5 18. gxf4 Nf3 19. h3 Qf8 20. Bxf3 Bxf3+ 21.
Kh2 Nh5 22. Rg1+ Kh8 23. Qc3+ f6 24. Rg5 Rd8 25. Rag1 c5 26. Rd5 Ng7 27. Qd2
Rxd5 28. Qxd5 Qe7 29. a3 a5 30. Qd2 b6 31. Qd5 f5 32. Qa8+ 1/2-1/2

[Event "III Open A"]
[Site "Gioiosa Marea ITA"]
[Date "1997.08.??"]
[Round "?"]
[White "Inkiov, Ventzislav V."]
[Black "Isonzo, David"]
[Result "1/2-1/2"]
[WhiteElo "2480"]
[BlackElo "2205"]
[PlyCount "36"]
[EventDate "1997.08.02"]

1. d4 Nf6 2. c4 g6 3. Nc3 Bg7 4. Nf3 O-O 5. Bg5 c5 6. e3 cxd4 7. exd4 d5 8.
Bxf6 Bxf6 9. Nxd5 Bg7 10. Ne3 Nc6 11. d5 Qa5+ 12. Nd2 Bxb2 13. dxc6 Bxa1 14.
Qxa1 Rd8 15. Qc1 bxc6 16. c5 Be6 17. Bc4 Bxc4 18. Nexc4 Qxc5 1/2-1/2

[Event "III Open A"]
[Site "Gioiosa Marea ITA"]
[Date "1997.08.??"]
[Round "?"]
[White "Isonzo, David"]
[Black "Milton, Enea"]
[Result "1/2-1/2"]
[WhiteElo "2205"]
[BlackElo "1750"]
[PlyCount "45"]
[EventDate "1997.08.02"]

1. e4 d6 2. d4 c6 3. Nc3 Nf6 4. a4 Bg4 5. f3 Bh5 6. Nge2 Nbd7 7. Be3 e5 8. Qd2
Be7 9. Ng3 Bg6 10. d5 O-O 11. dxc6 bxc6 12. Be2 Nh5 13. Nxh5 Bxh5 14. O-O f5
15. g4 fxg4 16. fxg4 Bg6 17. Rxf8+ Nxf8 18. Bc4+ Bf7 19. Bxf7+ Kxf7 20. Rf1+
Kg8 21. Qf2 Qd7 22. Qf5 Ne6 23. Qf3 1/2-1/2

[Event "III Open A"]
[Site "Gioiosa Marea ITA"]
[Date "1997.08.??"]
[Round "?"]
[White "Sansonetti, Giorgio"]
[Black "Ljubisavljevic, Zivojin Z."]
[Result "1-0"]
[WhiteElo "2200"]
[BlackElo "2305"]
[PlyCount "85"]
[EventDate "1997.08.02"]

1. d4 Nf6 2. Nc3 c5 3. d5 d6 4. e4 g6 5. Nf3 Bg7 6. Bb5+ Bd7 7. a4 O-O 8. O-O
a6 9. Be2 Bg4 10. Nd2 Bxe2 11. Qxe2 Nbd7 12. Nc4 Ne5 13. Nxe5 dxe5 14. a5 Rc8
15. Be3 Nh5 16. Qc4 Qc7 17. Ra3 Kh8 18. f3 f5 19. Rb3 Nf4 20. Rb6 Rf6 21. Na4
fxe4 22. fxe4 Rcf8 23. Rxf6 Rxf6 24. Nxc5 Bh6 25. Kh1 Qc8 26. Bxf4 exf4 27. b4
g5 28. e5 Rg6 29. Qe4 Bg7 30. c4 Qb8 31. Nd3 Rh6 32. Qf5 Rg6 33. c5 Qe8 34. e6
Qb5 35. Rc1 g4 36. Qxf4 Qxd3 37. Qb8+ Bf8 38. Qxf8+ Rg8 39. Qxe7 Qxd5 40. Qf6+
Rg7 41. e7 Qe4 42. Rd1 h5 43. e8=Q+ 1-0

[Event "III Open A"]
[Site "Gioiosa Marea ITA"]
[Date "1997.08.05"]
[Round "5"]
[White "Alaimo, Riccardo"]
[Black "Gangemi, Salvatore"]
[Result "1/2-1/2"]
[WhiteElo "2068"]
[BlackElo "1870"]
[PlyCount "194"]
[EventDate "1997.08.02"]

1. e4 e6 2. Nc3 d5 3. d4 Nf6 4. Bg5 Be7 5. e5 Nfd7 6. h4 c5 7. Nb5 cxd4 8. Nd6+
Kf8 9. Bxe7+ Kxe7 10. f4 Qa5+ 11. Kf2 f6 12. Qg4 g6 13. Nf3 Nc6 14. Re1 Rf8 15.
h5 fxe5 16. hxg6 Kxd6 17. gxh7 Qd8 18. Qg7 e4 19. h8=Q Rxh8 20. Rxh8 Qa5 21.
Re2 Qc5 22. Kg3 d3 23. cxd3 exf3 24. Rxe6+ Kc7 25. Qc3 Nd4 26. Qxc5+ Nxc5 27.
Re5 b6 28. Rxd5 Bb7 29. Rxa8 Bxd5 30. Rxa7+ Kc6 31. gxf3 Nxf3 32. Bg2 Ne1 33.
Bxd5+ Kxd5 34. f5 Nexd3 35. Re7 Nxb2 36. f6 Kd6 37. Re2 Nc4 38. f7 Nd7 39. Re8
Nce5 40. f8=Q+ Nxf8 41. Rxf8 Kc5 42. Rf5 Kd4 43. a4 Nc4 44. Rb5 Kc3 45. Kf4 Nb2
46. Rxb6 Nxa4 47. Rd6 Nc5 48. Ke3 Kc4 49. Rd4+ Kc3 50. Rd8 Kc4 51. Kd2 Nb3+ 52.
Kc2 Nd4+ 53. Kb2 Kd3 54. Re8 Kc4 55. Re5 Nc6 56. Re4+ Kd3 57. Ra4 Nd4 58. Rb4
Ne2 59. Rh4 Nd4 60. Rg4 Ne2 61. Kb3 Nd4+ 62. Kb4 Nc6+ 63. Kc5 Ne5 64. Rd4+ Ke3
65. Kd5 Nf3 66. Ra4 Nd2 67. Ra2 Nf3 68. Ra3+ Kf4 69. Ra4+ Kf5 70. Re4 Ng5 71.
Rh4 Nf3 72. Rh8 Kf4 73. Re8 Nd2 74. Re2 Nf3 75. Kd6 Kf5 76. Kd5 Kf4 77. Re4+
Kf5 78. Re8 Kf4 79. Re7 Ng5 80. Kd4 Nf3+ 81. Kd3 Kf5 82. Rf7+ Kg4 83. Ke3 Ne5
84. Rf4+ Kg5 85. Ke4 Ng6 86. Rf7 Kg4 87. Rg7 Kg5 88. Rf7 Kg4 89. Rf1 Kg5 90.
Rf2 Nh4 91. Rh2 Ng6 92. Rf2 Nh4 93. Ke5 Ng6+ 94. Ke4 Nh4 95. Rf1 Ng6 96. Rf5+
Kg4 97. Rf7 Kg5 1/2-1/2